Countries with UNESCO World Heritage in Danger - Statistics

General Stats
  • This quiz has been taken 71 times
  • The average score is 20 of 32
Answer Stats
Answer % Correct
1 United Kingdom
94%
6 Syria
88%
3 Iraq
86%
1 Peru
86%
1 Venezuela
86%
1 United States of America
84%
1 Bolivia
80%
4 Israel
78%
1 Niger
78%
5 Democratic Republic of the Congo
73%
5 Libya
73%
3 Mali
73%
3 Yemen
73%
2 Afghanistan
71%
1 Chile
71%
1 Egypt
69%
1 Panama
63%
1 Honduras
55%
1 Uganda
55%
1 Solomon Islands
53%
1 Tanzania
53%
1 Federated States of Micronesia
51%
1 Indonesia
51%
1* Guinea
49%
1* Côte d'Ivoire
47%
1 Central African Republic
45%
1 Senegal
45%
1 Madagascar
41%
1 Belize
37%
1 Serbia
35%
1 Uzbekistan
24%
1 Austria
22%
No matching quizzes found
Score Distribution
Percent of People with Each Score
Percentile by Number Answered
Your Score History
You have not taken this quiz